Flag of European Subdivision by Country #2 - Statistics

General Stats
  • This quiz has been taken 117 times
    103 since last reset
  • The average score is 8 of 16
Answer Stats
Picture Answer % Correct
United Kingdom (Northern Ireand)
95%
Spain (Catalonia)
89%
Germany (Baden-Württemberg)
75%
Italy (Veneto)
68%
Germany (Saxony)
60%
Sweden (Skåne)
55%
France (Normandy)
52%
Russia (Perm Krai)
52%
Switzerland (Geneva)
41%
Ukraine (Kiev Oblast)
38%
Czechia (Prague)
32%
Croatia (Zagreb)
30%
Latvia (Riga)
29%
Poland (Subcarpathia)
26%
Belarus (Minsk Voblast)
23%
Slovakia (Bratislava)
23%
No matching quizzes found
Score Distribution
Percent of People with Each Score
Percentile by Number Answered
Your Score History
You have not taken this quiz since the last reset